|
|
|
|
| LEADER |
00000cam a2200000 a 4500 |
| 001 |
57140 |
| 005 |
20230308164138.0 |
| 008 |
000000|1973 ||||||||r|||||||||||spa|| |
| 040 |
|
|
|b spa
|
| 041 |
1 |
|
|a spa
|
| 082 |
0 |
|
|a 142.78
|
| 100 |
1 |
|
|a Fatone, Vicente.
|d 1903-1962
|9 30578
|
| 245 |
|
|
|a Introducción al existencialismo
|c Vicente Fatone
|h imp
|
| 250 |
|
|
|a 6a ed.
|
| 264 |
|
|
|a Buenos Aires
|b Columba
|c 1973
|
| 300 |
|
|
|a 61 páginas:
|c 20 cm
|
| 650 |
|
|
|a Filosofia existencial
|9 10173
|
| 650 |
|
|
|a Existencia humana
|9 10174
|
| 650 |
|
0 |
|a Existencialismo
|9 4257
|
| 852 |
|
|
|a UC-CDJBV
|c ESTANTERIA CERRADA
|f Compra
|k lucia.mora
|l 1
|m General
|p 00000000
|r 2
|t 57140
|b 0
|d CDRC
|e CDRC
|g 142.78 ESTANTERIA CERRADA
|z 0000-00-00
|
| 942 |
|
|
|c BK
|
| 999 |
|
|
|c 24117
|d 24117
|